| 000 | 00787nam a2200241 i 4500 | ||
|---|---|---|---|
| 001 | 175614 | ||
| 003 | ES-MaACL | ||
| 005 | 20250808001329.0 | ||
| 007 | t| | ||
| 008 | 101111s1972 sp r ||||1| spa d | ||
| 020 | _a84-220-0405-4 | ||
| 080 | _a2-184.85 | ||
| 100 | 1 |
_aRoyo Marín, Antonio. _9100232 |
|
| 245 | 1 | 3 |
_aEl gran desconocido _b: el Espíritu Santo y sus dones / _cpor Antonio Royo Marín. |
| 260 |
_aMadrid : _bLa Editorial Católica, _c1972. |
||
| 300 |
_a233, [15] p. ; _c18 cm. |
||
| 490 | 1 |
_aBiblioteca de autores cristianos. Serie Minor ; _v29 |
|
| 500 | _aÍndice. | ||
| 650 | 0 | 4 |
_aEspíritu Santo. _912503 |
| 830 | 0 | 0 |
_aBiblioteca de autores cristianos. _pMinor _v29 _9189814 |
| 852 |
_aES-MaACL _jE-13496 _xOlim P-1255 |
||
| 999 |
_c175614 _d175614 |
||